| 000 | 00960 a2200457 4500 | ||
|---|---|---|---|
| 000 | BKB | ||
| 001 | 071587 | ||
| 005 | 20200902151026.0 | ||
| 008 | |||
| 010 | _a | ||
| 020 | _a9781429202114 | ||
| 082 |
_a616.079 _bK57K |
||
| 100 | 1 | _aKindt, Thomas J. | |
| 110 | _a | ||
| 245 | 1 |
_aKuby immunology _cBy Thomas J. Kindt...[et.al.] |
|
| 250 | _a6th ed. | ||
| 260 |
_aNew York _bW.H. Freeman & Co. _c2007 |
||
| 300 | _a574p. | ||
| 490 |
_a _v |
||
| 500 | _a | ||
| 600 | _a | ||
| 610 | _a | ||
| 611 | _a | ||
| 630 | _aBiotechnology | ||
| 650 | _a | ||
| 651 | _a | ||
| 654 | _a | ||
| 690 | _aImmunology; Immune system; Immunity | ||
| 700 |
_aGoldsby, Richard A. _b _c |
||
| 700 | _aOsborne, Barbara A. | ||
| 710 |
_a _b _c |
||
| 711 | _a | ||
| 720 | _a | ||
| 730 | _a | ||
| 740 | _a | ||
| 752 | _a | ||
| 856 |
_a _d _f |
||
| 904 | _a | ||
| 964 |
_a _b _c _d _e _f _g |
||
| 965 | _a | ||
| 999 |
_c4876 _d4876 |
||